000 00458nam a2200181Ia 4500
005 20250623020052.0
008 240331s9999 xx 000 0 und d
020 _a9559496174
082 _bKAR
_a323
100 _aKarunadasa,W.M
245 0 _aJathiyanthara manushika ayithiwasikam neethiya
260 _aDehiwala
_bImage Lanka Publishers
_c2006
300 _a240 p .,
650 _aInternational
650 _aLaw
650 _aHuman Rights
942 _cL
999 _c5236
_d5236